[Event "EU-Cup 35th"]
[Site "Ulcinj"]
[Date "2019.11.15"]
[Round "6.7"]
[White "Wambach, Patrick"]
[Black "Greenfeld, Alon"]
[Result "0-1"]
[WhiteElo "1988"]
[BlackElo "2513"]
[PlyCount "88"]
[EventDate "2019.11.10"]
[EventType "team-swiss"]
[EventRounds "7"]
[EventCountry "MNE"]
[SourceTitle "CBM 193 Extra"]
[Source "ChessBase"]
[SourceDate "2020.01.31"]
[SourceVersion "1"]
[SourceVersionDate "2020.01.31"]
[SourceQuality "1"]
[WhiteTeam "Echternach Sprenger"]
[BlackTeam "Beer Sheva"]
[WhiteTeamCountry "LUX"]
[BlackTeamCountry "ISR"]

1. Nf3 d5 2. c4 d4 3. d3 Nc6 4. g3 e5 5. Bg2 Bb4+ 6. Bd2 a5 7. 0-0 Nf6 8. a3 Be7 9. Bg5 0-0 10. Nbd2 a4 11. b4 axb3 12. Qxb3 Nd7 13. Bxe7 Qxe7 14. Rfb1 Nc5 15. Qc2 Ra7 16. a4 Bd7 17. Rb5 Rfa8 18. Ne4 Nxe4 19. dxe4 Nb4 20. Rxb4 Qxb4 21. Nxe5 Rxa4 22. Rxa4 Bxa4 23. Qc1 Be8 24. Bh3 Qc3 25. Qf4 Qe1+ 26. Kg2 Qxe2 27. Bg4 Qc2 28. Bh5 f6 29. Bxe8 Rxe8 30. Nf3 Qxc4 31. Qf5 Qe6 32. Qc5 Qxe4 33. Qxc7 g5 34. h3 h5 35. Qc4+ Kg7 36. Qxd4 g4 37. hxg4 hxg4 38. Qxe4 Rxe4 39. Nd2 Re1 40. Nb3 b5 41. Nd4 b4 42. f3 Rd1 43. Nf5+ Kf8 44. fxg4 b3 0-1

[Event "EU-Cup 34th"]
[Site "Porto Carras"]
[Date "2018.10.18"]
[Round "7.4"]
[White "Andersen, Soren Mikkel"]
[Black "Wambach, Patrick"]
[Result "1/2-1/2"]
[WhiteElo "2159"]
[BlackElo "1958"]
[PlyCount "157"]
[EventDate "2018.10.12"]
[EventType "team-swiss"]
[EventRounds "7"]
[EventCountry "GRE"]
[SourceTitle "CBM 187"]
[Source "ChessBase"]
[SourceDate "2018.12.11"]
[SourceVersion "1"]
[SourceVersionDate "2018.12.11"]
[SourceQuality "1"]
[WhiteTeam "Bronshoj"]
[BlackTeam "Echternach Sprenger"]
[WhiteTeamCountry "DEN"]
[BlackTeamCountry "LUX"]

1. d4 Nf6 2. c4 g6 3. Nc3 Bg7 4. e4 d6 5. Nf3 0-0 6. Be2 e5 7. 0-0 Nc6 8. d5 Ne7 9. b4 Nh5 10. Re1 f5 11. Ng5 Nf6 12. f3 Nh5 13. c5 Nf4 14. Bc4 Kh8 15. g3 h6 16. Ne6 Bxe6 17. dxe6 Nh3+ 18. Kg2 fxe4 19. fxe4 Nf2 20. Qd2 Ng4 21. Rf1 Rxf1 22. Bxf1 dxc5 23. Qxd8+ Rxd8 24. bxc5 Nf6 25. Rb1 b6 26. Ba3 Bf8 27. Bb5 c6 28. Be2 b5 29. Bc1 a5 30. a3 Neg8 31. Be3 Re8 32. Kf3 Rxe6 33. Rd1 Re8 34. g4 Be7 35. Bf1 Rd8 36. Rxd8 Bxd8 37. Bd2 Be7 38. Be3 Nd7 39. Nxb5 Bxc5 40. Bxc5 Nxc5 41. Nd6 Nf6 42. Nf7+ Kg7 43. Nxe5 Nfxe4 44. Ke3 Nf6 45. Bg2 Nd5+ 46. Bxd5 cxd5 47. Kd4 Nb3+ 48. Kxd5 Kf6 49. Nf3 h5 50. h3 Nc1 51. Ke4 Ne2 52. g5+ Ke6 53. Ke3 Nc3 54. Nd4+ Kd5 55. Kd3 Ne4 56. Nf3 Nf2+ 57. Kc3 Nxh3 58. Kb3 Kc5 59. Nh4 Nxg5 60. Nxg6 Ne6 61. Nh4 Kb5 62. Nf5 a4+ 63. Kc3 Kc5 64. Kd3 Nf4+ 65. Ke4 Ng6 66. Ne3 h4 67. Kf5 Kd4 68. Nd1 Kc4 69. Kxg6 Kb3 70. Kg5 h3 71. Kg4 h2 72. Nf2 Kxa3 73. Kg3 Kb3 74. Kxh2 a3 75. Nd3 Kc3 76. Nc1 Kc2 77. Na2 Kb2 78. Nb4 a2 79. Nxa2 1/2-1/2

[Event "EU-Cup 34th"]
[Site "Porto Carras"]
[Date "2018.10.16"]
[Round "5.5"]
[White "Jashari, Ardian"]
[Black "Wambach, Patrick"]
[Result "1/2-1/2"]
[WhiteElo "2113"]
[BlackElo "1958"]
[PlyCount "130"]
[EventDate "2018.10.12"]
[EventType "team-swiss"]
[EventRounds "7"]
[EventCountry "GRE"]
[SourceTitle "CBM 187"]
[Source "ChessBase"]
[SourceDate "2018.12.11"]
[SourceVersion "1"]
[SourceVersionDate "2018.12.11"]
[SourceQuality "1"]
[WhiteTeam "Dardania"]
[BlackTeam "Echternach Sprenger"]
[WhiteTeamCountry "KOS"]
[BlackTeamCountry "LUX"]

1. e4 d6 2. d4 Nf6 3. Nc3 g6 4. Bg5 Bg7 5. Qd2 c6 6. Bh6 Bxh6 7. Qxh6 Qa5 8. Bd3 c5 9. dxc5 Qxc5 10. h3 Nc6 11. Nf3 Bd7 12. a3 Nd4 13. Nxd4 Qxd4 14. 0-0 Bc6 15. Rfe1 0-0-0 16. Rad1 Qc5 17. Na2 g5 18. e5 dxe5 19. b4 Qb6 20. Rxe5 Ne4 21. Rf1 Qc7 22. Rxe4 Bxe4 23. Bxe4 Qc4 24. Bf3 Qxa2 25. Qxg5 Qc4 26. Qxe7 Qc7 27. Qh4 Kb8 28. c4 Qe5 29. Bd5 f6 30. f4 Qe3+ 31. Kh2 Qxa3 32. Qxf6 Qxb4 33. Qf5 Qd6 34. Qe4 b6 35. Kh1 Rde8 36. Qc2 Re7 37. f5 Rf8 38. Rd1 Qe5 39. g4 Qg3 40. Qh2 Qxh2+ 41. Kxh2 Re2+ 42. Kg3 Re3+ 43. Kh4 h6 44. Rh1 a5 45. Kh5 Rf6 46. h4 Re5 47. Bg8 a4 48. Ra1 Ra5 49. Bh7 a3 50. g5 hxg5 51. hxg5 Rc6 52. Bg6 a2 53. Bf7 Rxf5 54. Bd5 Rc5 55. Kg4 Rfxd5 56. cxd5 Rxd5 57. Rxa2 Kb7 58. g6 Rd8 59. Kf5 Kc6 60. g7 Kc5 61. Ke5 b5 62. Rc2+ Kb4 63. Rf2 Rg8 64. Rf7 Kb3 65. Rb7 b4 1/2-1/2

[Event "EU-Cup 32nd"]
[Site "Novi Sad"]
[Date "2016.11.12"]
[Round "7.5"]
[White "Wambach, Patrick"]
[Black "Waterfield, John"]
[Result "0-1"]
[WhiteElo "1952"]
[BlackElo "1986"]
[PlyCount "76"]
[EventDate "2016.11.06"]
[EventType "team-swiss"]
[EventRounds "7"]
[EventCountry "SRB"]
[SourceTitle "CBM 176"]
[Source "ChessBase"]
[SourceDate "2017.01.17"]
[SourceVersion "1"]
[SourceVersionDate "2017.01.17"]
[SourceQuality "1"]
[WhiteTeam "Echternach Sprenger"]
[BlackTeam "Abergavenny"]
[WhiteTeamCountry "LUX"]
[BlackTeamCountry "WLS"]

1. Nf3 Nf6 2. c4 g6 3. g3 Bg7 4. Bg2 0-0 5. 0-0 d6 6. Nc3 e5 7. d3 h6 8. Rb1 a5 9. a3 Re8 10. Qc2 c6 11. b4 axb4 12. axb4 Be6 13. Bb2 Nbd7 14. b5 d5 15. Nd2 Qc7 16. bxc6 bxc6 17. Ra1 Nb6 18. Na4 Nfd7 19. Nxb6 Qxb6 20. Rfb1 Qc5 21. Nb3 Qd6 22. Rxa8 Rxa8 23. Ra1 Rxa1+ 24. Bxa1 dxc4 25. dxc4 Nc5 26. Nd2 Bf5 27. e4 Bd7 28. Bc3 Ne6 29. Qa2 Nd4 30. Kf1 Be6 31. Ke1 Kh7 32. h4 Qc5 33. Qa4 Bg4 34. Bb4 Qxb4 35. Qxb4 Nc2+ 36. Kf1 Nxb4 37. f3 Be6 38. Ke2 Bf8 0-1

[Event "EU-Cup 32nd"]
[Site "Novi Sad"]
[Date "2016.11.10"]
[Round "5.4"]
[White "Wambach, Patrick"]
[Black "Federic, Jozef"]
[Result "0-1"]
[WhiteElo "1952"]
[BlackElo "2290"]
[PlyCount "90"]
[EventDate "2016.11.06"]
[EventType "team-swiss"]
[EventRounds "7"]
[EventCountry "SRB"]
[SourceTitle "CBM 176"]
[Source "ChessBase"]
[SourceDate "2017.01.17"]
[SourceVersion "1"]
[SourceVersionDate "2017.01.17"]
[SourceQuality "1"]
[WhiteTeam "Echternach Sprenger"]
[BlackTeam "Modra"]
[WhiteTeamCountry "LUX"]
[BlackTeamCountry "SVK"]

1. Nf3 d5 2. c4 e6 3. cxd5 exd5 4. g3 Nf6 5. Bg2 Bd6 6. 0-0 0-0 7. Nc3 c6 8. d3 Re8 9. Re1 Nbd7 10. Qc2 Ne5 11. Nxe5 Bxe5 12. Bg5 h6 13. Bxf6 Bxf6 14. e4 dxe4 15. dxe4 Qa5 16. Ne2 Rd8 17. Nc3 Be6 18. a3 Qc5 19. Rac1 a5 20. Nd5 Qxc2 21. Nxf6+ gxf6 22. Rxc2 Rd4 23. Bf3 Rad8 24. Kg2 Bb3 25. Rce2 Bc4 26. Rc2 Bd3 27. Rcc1 Kg7 28. Rcd1 Bxe4 29. Rxd4 Bxf3+ 30. Kxf3 Rxd4 31. Re7 Rd3+ 32. Re3 Rxe3+ 33. Kxe3 Kf8 34. Kd4 b6 35. f4 Ke7 36. g4 Kd6 37. h4 f5 38. gxf5 f6 39. h5 b5 40. a4 c5+ 41. Kc3 bxa4 42. Kc4 Kc6 43. Kc3 Kd5 44. Kd3 c4+ 45. Kc3 Kc5 0-1

[Event "EU-Cup 31st"]
[Site "Skopje"]
[Date "2015.10.18"]
[Round "1.6"]
[White "Saric, Ivan"]
[Black "Wambach, Patrick"]
[Result "1-0"]
[WhiteElo "2678"]
[BlackElo "1973"]
[PlyCount "55"]
[EventDate "2015.10.18"]
[EventType "team-swiss"]
[EventRounds "7"]
[EventCountry "MKD"]
[SourceTitle "CBM 169"]
[Source "ChessBase"]
[SourceDate "2015.11.10"]
[SourceVersion "1"]
[SourceVersionDate "2015.11.10"]
[SourceQuality "1"]
[WhiteTeam "Mednyi Vsadnik"]
[BlackTeam "Echternach Sprenger"]
[WhiteTeamCountry "RUS"]
[BlackTeamCountry "LUX"]

1. e4 d6 2. d4 Nf6 3. Nc3 g6 4. Bg5 Bg7 5. Qd2 0-0 6. 0-0-0 c6 7. h4 b5 8. f3 Qa5 9. Kb1 b4 10. Nce2 Nbd7 11. h5 Nb6 12. Nc1 Be6 13. Bh6 Bxh6 14. Qxh6 Rab8 15. Nb3 Bxb3 16. cxb3 e5 17. Nh3 exd4 18. Ng5 Rb7 19. f4 Re8 20. hxg6 fxg6 21. Nxh7 Rxh7 22. Qxg6+ Rg7 23. Qxf6 Rxe4 24. Bd3 Nd5 25. Rh8+ Kxh8 26. Qf8+ Kh7 27. Rh1+ Kg6 28. Bxe4# 1-0

[Event "Rhein Main op-A 16th"]
[Site "Bad Homburg"]
[Date "2013.06.01"]
[Round "5"]
[White "Mussler, Thomas"]
[Black "Wambach, Patrick"]
[Result "0-1"]
[WhiteElo "2090"]
[BlackElo "1947"]
[PlyCount "114"]
[EventDate "2013.05.29"]
[EventType "swiss"]
[EventRounds "7"]
[EventCountry "GER"]
[SourceTitle "EXT 2014"]
[Source "ChessBase"]
[SourceDate "2013.11.20"]
[SourceVersion "1"]
[SourceVersionDate "2013.11.20"]
[SourceQuality "1"]

1. e4 d6 2. d4 Nf6 3. Nc3 g6 4. h3 Bg7 5. Nf3 0-0 6. Be3 Na6 7. Qd2 c5 8. Bxa6 cxd4 9. Nxd4 bxa6 10. Nde2 Bb7 11. Ng3 Qc7 12. 0-0 Rfc8 13. Bd4 Qc4 14. Qd3 Nxe4 15. Qxc4 Rxc4 16. Bxg7 Nxg3 17. fxg3 Kxg7 18. Rf4 Rac8 19. Raf1 f6 20. R1f2 Kf7 21. Kf1 g5 22. Rf5 R8c5 23. g4 Kg6 24. Rxc5 Rxc5 25. Nd1 Re5 26. Rd2 Rd5 27. Rxd5 Bxd5 28. a3 e5 29. Ne3 Be6 30. c4 f5 31. gxf5+ Bxf5 32. Ke2 Be4 33. g3 h5 34. h4 gxh4 35. gxh4 Kf6 36. Kd2 Ke6 37. Kc3 d5 38. cxd5+ Bxd5 39. Kd3 Bc6 40. Kc4 Bb5+ 41. Kc5 Bd3 42. b3 Be2 43. b4 Bb5 44. Nd5 Kf5 45. Ne7+ Kg4 46. Kd5 Kxh4 47. Kxe5 Kg4 48. Ng6 Kf3 49. Kd4 Be8 50. Ne5+ Ke2 51. Kc3 h4 52. Nd3 Ke3 53. Ne5 Bh5 54. Nc4+ Ke2 55. Nd2 Bf3 56. Nb3 h3 57. Nd4+ Kf2 0-1

[Event "Maastricht Limburg op-B 6th"]
[Site "Maastricht"]
[Date "2012.05.27"]
[Round "5"]
[White "Wambach, Patrick"]
[Black "Dijkhuis, Sven"]
[Result "1-0"]
[WhiteElo "1847"]
[BlackElo "1712"]
[PlyCount "97"]
[EventDate "2012.05.25"]
[EventType "swiss"]
[EventRounds "7"]
[EventCountry "NED"]
[SourceTitle "EXT 2013"]
[Source "ChessBase"]
[SourceDate "2012.11.22"]
[SourceVersion "1"]
[SourceVersionDate "2012.11.22"]
[SourceQuality "1"]

1. Nf3 Nf6 2. c4 g6 3. g3 Bg7 4. Bg2 0-0 5. 0-0 d5 6. cxd5 Nxd5 7. Nc3 c6 8. Qb3 Nb6 9. d3 Be6 10. Qa3 Na6 11. Bd2 Nc7 12. Rfe1 Nbd5 13. Ng5 Bc8 14. Qb3 h6 15. Nge4 Ne6 16. Nxd5 cxd5 17. Nc3 Nd4 18. Qd1 Be6 19. a3 Qd7 20. e3 Nc6 21. d4 Na5 22. b3 Rac8 23. Na4 Qd8 24. Ra2 Nc6 25. Nc5 b6 26. Nxe6 fxe6 27. Qg4 Qd7 28. Qxg6 e5 29. dxe5 Nxe5 30. Qh5 e6 31. Qe2 d4 32. exd4 Qxd4 33. Bb4 Rfd8 34. Rd2 Qg4 35. Qxg4 Nxg4 36. Rxd8+ Rxd8 37. Rxe6 Ne5 38. Rd6 Rc8 39. Be4 a5 40. Bd2 Re8 41. Rxb6 Ng4 42. Bd5+ Kh8 43. Re6 Rd8 44. Bf3 Ne5 45. Be4 Nf7 46. Bxa5 Rc8 47. Rc6 Re8 48. Bf5 Ne5 49. Rc8 1-0